000 aam a22 a 4500
999 _c2823
_d2823
003 AKMAL
005 20170518111507.0
008 170518s1976 si 00 eng d
020 _a9971404427
040 _aAKMAL
_cAKMAL
049 0 0 _abgkklp
050 1 0 _aHF5686.C8
082 0 4 _a658 PAR
090 2 0 _a658
_bPAR
100 1 _aParkinson, C. Northcote
_q(Cyril Northcote),
_d1909-1959
_95936
245 1 0 _aWatch your figures /
_cC. Northcote Parkinson, M.K. Rustomji ; drawings by R. Chakravarty
260 _aSingapore :
_bFederal Publications,
_c1983
300 0 0 _a142p. :
_bill. ;
_c21cm
650 0 _aCost accounting
_95964
650 0 _aBudget in business
_95965
700 1 _aRustomji, M. K.
_95958
700 1 _aChakravarthy, R.
_95966
942 _2ddc
_cBOOK